Clés des mucorinées (Record no. 10078)

MARC details
000 -LEADER
fixed length control field 00662cam a22002291 4500
001 - CONTROL NUMBER
control field agr41000072
003 - CONTROL NUMBER IDENTIFIER
control field DLC
005 - DATE AND TIME OF LATEST TRANSACTION
control field 20260227110959.0
008 - FIXED-LENGTH DATA ELEMENTS--GENERAL INFORMATION
fixed length control field 890605s1939 fr a 000 0 fre
010 ## - LIBRARY OF CONGRESS CONTROL NUMBER
LC control number agr41000072
035 ## - SYSTEM CONTROL NUMBER
System control number (OCoLC)23426934
040 ## - CATALOGING SOURCE
Original cataloging agency DLC
Transcribing agency MiU
Modifying agency OCoLC
-- DLC
042 ## - AUTHENTICATION CODE
Authentication code premarc
050 00 - LIBRARY OF CONGRESS CALL NUMBER
Classification number QK621.M94
Item number N32
100 1# - MAIN ENTRY--PERSONAL NAME
Personal name Naumov, N. A.
Fuller form of name (Nikolaĭ Aleksandrovich),
Dates associated with a name 1888-1959.
240 10 - UNIFORM TITLE
Uniform title Opredelitelʹ mukorovykh.
Language of a work French
245 00 - TITLE STATEMENT
Title Clés des mucorinées
260 ## - PUBLICATION, DISTRIBUTION, ETC.
Place of publication, distribution, etc. Paris,
Name of publisher, distributor, etc. P. Lechevalier,
Date of publication, distribution, etc. 1939.
300 ## - PHYSICAL DESCRIPTION
Extent 2 p.
Other physical details l., 137, xxxvi p., 3 l. illus.
Dimensions 25 cm.
650 #0 - SUBJECT ADDED ENTRY--TOPICAL TERM
Topical term or geographic name entry element Mucorineae.
700 1# - ADDED ENTRY--PERSONAL NAME
Personal name Buchet, Samuel,
Relator term tr.

No items available.

Powered by Koha